00907 2200313 4500001002100000005001500021035002000036007000300056040001700059100003100076245010200107250001000209300003400219020001800253041000800271082001000279090002000289264003000309336002100339337003000360338002300390650001200413700004700425850001000472008004100482504002400523990002300547990002300570INLIS00000000000564320260501072446 a0010-0222000733ta aSBPUPADbInd0 aKartini MuljadiePengarang1 aSeri Hukum Harta Kekayaan :bHak Istimewa, Gadai, Dan Hipotek /cKartini Muljadi, Gunawan Widjaja aCet.1 ax, 232 hlm. :bilus. ;c21 cm a979-3465-99-9 aInd a332.7 a332.7 KAR r 9-3 aJakarta :bKencana,c2005 2rdacontentaTeks 2rdamediaaTanpa Perantara 2rdacarrieraVolume 4aEkonomi aPengarang Ke-2, Gunawan WidjajaePengarang aPUPAD260501 0  aBibiografi, hal 229 a0796/BR/ARPUS/2006 a0796/BR/ARPUS/2006